TOP 10 Biggest Cities In China - Statistics

General Stats
  • This quiz has been taken 29 times
  • The average score is 8 of 10
Answer Stats
Nr Residents Answer % Correct
2. 21.848.000 Beijing
100%
1. 24.869.000 Shanghai
96%
8. 12.447.000 Wuhan
96%
5. 18.675.000 Guangzhou
92%
10. 12.188.000 Xian
88%
4. 20.684.000 Chengdu
80%
3. 20.748.000 Chongqing
80%
6. 17.494.000 Shenzhen
80%
7. 14.704.000 Tianjin
68%
9. 12.445.000 Suzhou
28%
No matching quizzes found
Score Distribution
Percent of People with Each Score
Percentile by Number Answered
Your Score History
You have not taken this quiz